000 00651nam a2200241Ia 4500
003 OSt
005 20221007082136.0
006 a|||||r|||| 00| 0
007 ta
008 221006b |||||||| |||| 00| 0 eng d
024 _a28,911
037 _cTextual
040 _aFLL
_cFLL
_beng
041 _2eng
_aeng
082 _aZ937,2,414, L5
100 _aBrown J.W.
_986909
245 0 _aConcise law of trusts, wills and administration
250 _a6th
260 _aWellington
_bButterworths Wellington
_c1976
300 _axxxi,361p
_ccm.
942 _hZ937,2,414, L5
_cTEXL
_2CC
999 _c1165463
_d1165463